000 00805nam a2200205 i 4500
001 bg
100 1 _aBARAŃSKA, Jolanta
245 0 _aModelowe przykłady rewaloryzacji wybranych zespołów zabytkowych na Pomorzu Zachodnim /
_cJ. Barańska, S. Latour, Lucjan J. Lipiński.
260 _aSzczecin,
_c1990.
490 1 _aPrace Naukowe Politechniki Szczecińskiej. Instytut Architektury i Planowania Przestrzennego,
_x0208-7065 ;
_vnr 23
500 _aNumeracja ser. gł. : nr 373.
700 1 _aLATOUR, Stanisław
700 1 _aLIPIŃSKI, Lucjan Jan
830 0 _aPrace Naukowe Politechniki Szczecińskiej.
_pInstytut Architektury i Planowania Przestrzennego ;
_vnr 23
040 _cBPK
041 _apol
080 _a72.025(438-15-17)
942 _cKS
008 s pl f |000 0 pol
999 _c29418
_d29418
856 _uhttp://koha.tu.koszalin.pl/cgi-bin/koha/opac-detail.pl?biblionumber=29418
_yKatalog online BPK